00000000cam 2200000zi 4500
0019.961332
003CaOODSP
00520260515142520
006m     o  d f      
007cr mn|||||||||
008260326e202604##oncab   ob   f000 0 eng d
020 |a9780660992280
040 |aCaOODSP|beng|erda|cCaOODSP
043 |an-cn-nt
045 |ax4y2
0861 |aFs70-6/2026-019E-PDF
24500|aStock assessment for lake trout (Salvelinus namaycush) in Great Slave Lake, NT, 2022.
24617|aGSL lake trout stock assessment, 2022
264 1|a[Ottawa] : |bCanadian Science Advisory Secretariat, |cApril 2026.
264 4|c©2026
300 |a1 online resource (13 pages) : |billustrations (some colour), colour map.
336 |atext|btxt|2rdacontent
337 |acomputer|bc|2rdamedia
338 |aonline resource|bcr|2rdacarrier
4901 |aScience advisory report, |x1919-5087 ; |v2026/019
500 |aIssued also in French under title: Évaluation du stock de touladis (Salvelinus namaycush) dans le Grand lac des Esclaves (Territoires du Nord-Ouest) en 2022.
500 |aTitle from caption.
504 |aIncludes bibliographical references (pages 12-13).
650 0|aLake trout|zNorthwest Territories|zGreat Slave Lake.
650 0|aLake trout fisheries|zNorthwest Territories|zGreat Slave Lake.
650 0|aFish stock assessment|zNorthwest Territories|zGreat Slave Lake.
7102 |aCanadian Science Advisory Secretariat, |eissuing body.
7101 |aCanada. |bDepartment of Fisheries and Oceans. |bArctic Region, |eissuing body.
77508|tÉvaluation du stock de touladis (Salvelinus namaycush) dans le Grand lac des Esclaves (Territoires du Nord-Ouest) en 2022.|w(CaOODSP)9.961333
830#0|aScience advisory report (Canadian Science Advisory Secretariat)|x1919-5087 ; |v2026/019.|w(CaOODSP)9.506226
85640|qPDF|s1.35 MB|uhttps://publications.gc.ca/collections/collection_2026/mpo-dfo/fs70-6/Fs70-6-2026-019-eng.pdf